১০ সদর স্ট্রিট : (Record no. 39334)
[ view plain ]
| 000 -LEADER | |
|---|---|
| fixed length control field | 00900nam a22002297a 4500 |
| 001 - CONTROL NUMBER | |
| control field | 39334 |
| 003 - CONTROL NUMBER IDENTIFIER | |
| rucl marc code | BD-RjUL |
| 005 - DATE AND TIME OF LATEST TRANSACTION | |
| control field | 20211209052953.0 |
| 008 - FIXED-LENGTH DATA ELEMENTS--GENERAL INFORMATION | |
| fixed length control field | 160407s2016 bg a|||| |||| 00| 0 ben d |
| 020 ## - INTERNATIONAL STANDARD BOOK NUMBER | |
| International Standard Book Number | 9789849120469 |
| Terms of availability | : Tk. 450 |
| 035 ## - SYSTEM CONTROL NUMBER | |
| System control number | (BD-RjUL)39447 |
| 040 ## - CATALOGING SOURCE | |
| Original cataloging agency | BD-RjUL |
| Language of cataloging | ben |
| Transcribing agency | BD-RjUL |
| 041 ## - LANGUAGE CODE | |
| Language code of text/sound track or separate title | ben |
| 082 ## - DEWEY DECIMAL CLASSIFICATION NUMBER | |
| Edition number | 23 |
| Classification number | 891.4414 |
| Author mark and year | MAD 2016 |
| 100 ## - MAIN ENTRY--PERSONAL NAME | |
| Personal name | মজিদ, শাকুর |
| 9 (RLIN) | 121239 |
| 245 10 - TITLE STATEMENT | |
| Title | ১০ সদর স্ট্রিট : |
| Remainder of title | রবীন্দ্রনাথের কলকাতা / |
| Statement of responsibility, etc. | শাকুর মজিদ, |
| 260 ## - PUBLICATION, DISTRIBUTION, ETC. (IMPRINT) | |
| Place of publication, distribution, etc. | ঢাকা : |
| Name of publisher, distributor, etc. | প্রথমা প্রকাশন, |
| Date of publication, distribution, etc. | ২০১৬. |
| 300 ## - PHYSICAL DESCRIPTION | |
| Pagination | ২৭২ পৃ. : |
| Illustrations | চিত্র ; |
| Size | ২২ সেমি. |
| 600 ## - SUBJECT ADDED ENTRY--PERSONAL NAME | |
| Personal name | ঠাকুর, রবীন্দ্রনাথ |
| Dates associated with a name | ১৮৬১-১৯৪১ |
| Personal name | Tagore, Rabindranath |
| Dates associated with a name | 1861-1941 |
| 942 ## - ADDED ENTRY ELEMENTS (KOHA) | |
| Source of classification or shelving scheme | Dewey Decimal Classification |
| Koha item type | Books |
| Lost status | Source of classification or shelving scheme | Damaged status | Not for loan | Collection code | Permanent Location | Current Location | Shelving location | Date acquired | Source of acquisition | Cost, normal purchase price | Total Checkouts | Full call number | Date last seen | Copy number | Koha item type | Total Renewals | Date checked out |
|---|---|---|---|---|---|---|---|---|---|---|---|---|---|---|---|---|---|
| Dewey Decimal Classification | Not For Loan | Non-fiction | Central Library, University of Rajshahi | Central Library, University of Rajshahi | Reading Room | 12/03/2016 | Biddasagor, Rajshahi | 450.00 | B 891.4414 MAD 2016 | 07/04/2016 | C-1 | Books | |||||
| Dewey Decimal Classification | Non-fiction | Central Library, University of Rajshahi | Central Library, University of Rajshahi | 12/03/2016 | Biddasagor, Rajshahi | 450.00 | B 891.4414 MAD 2016 | 07/04/2016 | C-2 | Books | |||||||
| Dewey Decimal Classification | Non-fiction | Central Library, University of Rajshahi | Central Library, University of Rajshahi | 12/03/2016 | Biddasagor, Rajshahi | 450.00 | 5 | B 891.4414 MAD 2016 | 20/02/2020 | C-3 | Books | 1 | 13/02/2020 |